000 00319pab a2200145 454500
008 180718b1997 xxu||||| |||| 00| 0 eng d
100 _aBaxter, N.S.J.
245 _aPolicing Maostricht
260 _c1997
300 _ap.49-53
362 _aJan-Mar
650 _aPolice
773 _aPolice Journal
909 _a33335
999 _c33335
_d33335